LEADER 00957nas a2200193 i 4500 001 000000002624 003 CaOOAMICUS 005 20180830125436.0 008 180830n it uu u0 0ita r 040 $aSeMil$bita 245 10$aAnnales [Universitatis Urbanianae] /$cPontificia Universitas Urbaniana, Pontificium Institutum Missionale Scientificum. 260 $aRomae :$bPontificia Universitas Urbaniana 300 $a24 cm. 500 $aDescrizione basata sul volume del 1976 (1973-1976). - Dimensioni variabili : 24-25 cm. 500 $aConsistenza: 1976 (1973-1976) ; 1979 (1978-1979)-1981 (1980-1981) ; 1985 (1984-1985) 700 1 $aPontificia Università Urbaniana : Istituto di Catechesi Missionaria.$0(OLS)http://semarc/name/2127 774 0 $tTitolo mancante.$w()129323 996 $6245$aAnnales [Universitatis Urbanianae]$9(OLS)http://semarc/title/4450 996 $6260$aRomae :$bPontificia Universitas Urbaniana$9(OLS)http://semarc/publisher/30826 LEADER 00957nam a2200241 i 4500 001 000000201479 003 CaOOAMICUS 005 20140507000000.0 008 140507n it u000 u ita u 013 $a180181 040 $aSeMil$bita 245 10$aAccanto al Duomo di Monza :$bnote e ricordi /$ca cura di Giuseppe Baraggia. 260 $a[S.l. :$bs.n.],$c[196-?] 300 $a79 p. :$bill ;$c24 cm. 500 $aFondo card. Giovanni Colombo. 650 4$aMonza - Chiese - Basilica di San Giovanni Battista (Duomo).$0(OLS)http://semarc/subject/7871 700 1 $aBaraggia, Giuseppe.$0(OLS)http://semarc/name/63530 850 $aSeMil 852 $aSeMil$W1$xVenegono$y1$m3GC VII 10$j152005$B152005$CSeMilBibl$Z2$F163181 $8B 941 1 $a3 961 $aLascito: Colombo Card. Giovanni 996 $6245$aAccanto al Duomo di Monza :$bnote e ricordi$9(OLS)http://semarc/title/291562 996 $6260$a[S.l. :$bs.n.]$9(OLS)http://semarc/publisher/29751